00542nam a22001817a 450000500170000001000130001702000250003003500130005503500170006803700150008508200060010024500590010626000520016527000630021730000300028065000310031070000190034120090907150059.0 aB-357096 a9788189852481c35.00 aB-357096 aB-369633-653 bDBAD / PUB aS aThe best of Panchatantra /ccompiled by Rungeen Singh  aNew Delhi bYoung Learner Publications c(200?) aG-1, Rattan Jyoti, 18, Rajendra Place,bNew Delhi e110008 a160p.:bill. c19cm(pbk)  aChildren stories, English  aSingh, Rungeen